'And/Or' Countries Quiz Stats

Quiz Updated Dec 25, 2013

Challenge
Share
Tweet
Embed
Score 0/33 Timer 06:00
1 Play Today
% Correct
Trinidad and Tobago
65.8%
Finland
63.7%
Iceland
63.5%
Andorra
61.8%
Ireland
61.4%
St. Kitts and Nevis
61.1%
Swaziland
58.3%
Antigua and Barbuda
55.6%
Norway
55%
Portugal
54.6%
St. Vincent and the Grenadines
54.6%
Switzerland
54.4%
New Zealand
54.1%
Bosnia and Herzegovina
53%
North Korea
52.2%
Poland
50.6%
Thailand
49.5%
% Correct
Netherlands
47.1%
Morocco
47%
São Tomé and Príncipe
44%
Ecuador
42.5%
South Korea
42.2%
Jordan
37%
Marshall Islands
34.1%
Comoros
34%
El Salvador
33.5%
Solomon Islands
32.1%
Timor-Leste
29.8%
Georgia
29.6%
Singapore
29.1%
Equatorial Guinea
25.8%
Rwanda
20.3%
Uganda
20.2%

You're not logged in!

Compare scores with friends on all Sporcle quizzes.
Sign Up with Email
OR
Log In

You Might Also Like...

Show Comments

Extras

Top Quizzes Today


Score Distribution

Your Account Isn't Verified!

In order to create a playlist on Sporcle, you need to verify the email address you used during registration. Go to your Sporcle Settings to finish the process.